Pre-Columbian art and later Indian tribal arts / (Record no. 10049)
[ view plain ]
| 000 -LEADER | |
|---|---|
| fixed length control field | 01181cam a22003131 4500 |
| 001 - CONTROL NUMBER | |
| JCCL Control Number | 10049 |
| 003 - CONTROL NUMBER IDENTIFIER | |
| JCCL marc code | BD-JhCC |
| 005 - DATE AND TIME OF LATEST TRANSACTION | |
| control field | 20180404193035.0 |
| 008 - FIXED-LENGTH DATA ELEMENTS--GENERAL INFORMATION | |
| fixed length control field | 180404s1968 nyuab b 000 0 eng |
| 035 ## - SYSTEM CONTROL NUMBER | |
| system control number | (BD-JhCC)10049 |
| 040 ## - CATALOGING SOURCE | |
| Original cataloging agency | DLC |
| Transcribing agency | DLC |
| Modifying agency | DLC |
| -- | BD-JhCC |
| 041 ## - LANGUAGE CODE | |
| Language code of Book | eng |
| 050 00 - LIBRARY OF CONGRESS CALL NUMBER | |
| Classification number | E59.A7 |
| Item number | A5 |
| 051 ## - LIBRARY OF CONGRESS COPY, ISSUE, OFFPRINT STATEMENT | |
| Classification number | E59.A7 |
| Item number | A5 Copy 2 |
| Copy information | Provenance: Gift of Jay I. Kislak Foundation. Accompanying material laid in. |
| 082 00 - DEWEY DECIMAL CLASSIFICATION NUMBER | |
| Classification number | 709/.8 |
| Author mark and Year | ANT 1968 |
| 100 1# - MAIN ENTRY--PERSONAL NAME | |
| Personal name | Anton, Ferdinand. |
| 245 10 - TITLE STATEMENT | |
| Title | Pre-Columbian art and later Indian tribal arts / |
| Statement of responsibility, etc | Texts by Ferdinand Anton and Frederick J. Dockstader. |
| 260 ## - PUBLICATION, DISTRIBUTION, ETC. (IMPRINT) | |
| Place of publication, distribution, etc | New York : |
| Name of publisher, distributor, etc | H. N. Abrams, |
| Date of publication, distribution, etc | 1968. |
| 300 ## - PHYSICAL DESCRIPTION | |
| Pagination | 264 p. |
| Other physical details | illus. (part col.), col. maps. |
| Dimensions | 23 cm. |
| 490 0# - SERIES STATEMENT | |
| Series statement | Panorama of world art |
| 504 ## - BIBLIOGRAPHY, ETC. NOTE | |
| Bibliography, etc | Bibliography: p. 258-261. |
| 505 0# - FORMATTED CONTENTS NOTE | |
| Formatted contents note | Pre-Columbian art of Middle and South America, by F. Anton, translated by R. E. Wolf.--Later Indian tribal arts, by F. J. Dockstader. |
| 650 #0 - SUBJECT ADDED ENTRY--TOPICAL TERM | |
| Topical term or geographic name as entry element | Indian art. |
| 651 #0 - SUBJECT ADDED ENTRY--GEOGRAPHIC NAME | |
| Geographic name | America |
| General subdivision | Antiquities. |
| 700 1# - ADDED ENTRY--PERSONAL NAME | |
| Personal name | Dockstader, Frederick J., |
| 710 2# - ADDED ENTRY--CORPORATE NAME | |
| Corporate name or jurisdiction name as entry element | Jay I. Kislak Reference Collection (Library of Congress) |
| Institution to which field applies | DLC |
| 942 ## - ADDED ENTRY ELEMENTS (KOHA) | |
| Source of classification or shelving scheme | Dewey Decimal Classification |
| Koha item type | Reference |
| Source of classification or shelving scheme | Damaged status | Not for loan | Home library | Current library | Shelving location | Date of accession | Total Checkouts | Full call number | Barcode | Date last seen | Copy number | Koha item type |
|---|---|---|---|---|---|---|---|---|---|---|---|---|
| Dewey Decimal Classification | JCC Rouf Library | JCC Rouf Library | General Stacks | 04/04/2018 | 709/.8 ANT 1968 | 13372 | 04/04/2018 | C-1 | Reference |